000 00824nam a2200265 i 4500
003 DO-SdBNP
005 20240411145556.0
007 ta
008 240411s2023 dr 000 p spa d
020 _a97899451855008
040 _aDO-SdBNP
_bspa
_cBNPHU
_erda
082 _bM917
_222
100 _aMota, Erick J.
_eautor
_985194
_d1975-
245 1 3 _aEl signo del tigre :
_b(parte I - Habana - Shi) /
_cErick J. Mota
264 _aSanto Domingo :
_bLuna Insomne editores,
_c2023.
300 _a116 páginas
_c21 cm.
336 _2rdacontent
_atexto
_btxt
337 _2rdamedia
_asin mediación
_bn
338 _2rdacarrier
_avolumen
_bnc
490 1 _aCarta de Ruta
_v16
500 _aIncluye datos biografícos del autor en la página 117
590 _aInventariado, 2024 / YL
910 _aYLockward
942 _2ddc
_cLBS1
999 _c56348
_d56348